00413 2200157 4500001002100000005001500021035002000036245006600056100001700122300002600139260003400165082000800199084001400207020002200221990001200243INLIS00000000000187920250516084947 a0010-05250001711 aMagical Seira :bSeira And The Legend Madriva /cSitta Karina0 aSitta Karina a260 hlm ;c13 x 19 cm aTangerang :bBuah Hati,c2012 a800 a800 SIT m a978-602-7652-08-8 a0754801